[Event "10. University wch femenino"]
[Site "Novokuznetsk RUS"]
[Date "2008.03.05"]
[Round "3.25"]
[White "Tajik, Sareh"]
[Black "Cheremnova, Tamara"]
[Result "1/2-1/2"]
[WhiteElo "1992"]
[BlackElo "2156"]
[PlyCount "80"]
[EventDate "2008.03.03"]
[EventType "swiss"]
[EventRounds "9"]
[EventCountry "RUS"]
[Source "lmi"]
[SourceDate "2008.03.03"]

1. e4 e5 2. Nf3 Nc6 3. Bb5 a6 4. Ba4 Nf6 5. d4 exd4 6. O-O Be7 7. e5 Ne4 8.
Nxd4 O-O 9. Re1 Nc5 10. Bb3 Nxb3 11. axb3 Nxd4 12. Qxd4 d6 13. Bf4 dxe5 14.
Bxe5 Qxd4 15. Bxd4 Bb4 16. c3 Bd6 17. Nd2 Be6 18. b4 Rfd8 19. Ne4 Bxb4 20. Be5
Bd6 21. Bxd6 cxd6 22. Rad1 d5 23. Nc5 Rd6 24. Nxb7 Rb6 25. Nc5 Rxb2 26. Nxe6
fxe6 27. Rxe6 a5 28. Kf1 a4 29. Re2 a3 30. Ra1 Kf7 31. Ke1 Rb3 32. Rc2 Ra4 33.
Kd2 Ke6 34. Rca2 Ra7 35. Kc2 Rab7 36. Rxa3 Rb2+ 37. Kd3 Rxf2 38. Ra6+ Kf5 39.
R1a5 Rd7 40. Ra2 Rxa2 1/2-1/2

[Event "10. University wch femenino"]
[Site "Novokuznetsk RUS"]
[Date "2008.03.05"]
[Round "3.27"]
[White "Hemmatizadeh, Nina"]
[Black "Imanbaeva, Aigul"]
[Result "1/2-1/2"]
[WhiteElo "1915"]
[BlackElo "2205"]
[PlyCount "89"]
[EventDate "2008.03.03"]
[EventType "swiss"]
[EventRounds "9"]
[EventCountry "RUS"]
[Source "lmi"]
[SourceDate "2008.03.03"]

1. c4 e6 2. Nc3 Nf6 3. d4 d5 4. Bg5 Be7 5. e3 c6 6. cxd5 exd5 7. Bd3 Nbd7 8.
Qc2 O-O 9. Nge2 Re8 10. O-O Nf8 11. Rae1 Ng4 12. Bf4 Bd6 13. h3 Bxf4 14. Nxf4
Nf6 15. b4 a6 16. a4 Qe7 17. b5 axb5 18. axb5 Bd7 19. Ra1 Ra3 20. Qb2 Rea8 21.
bxc6 bxc6 22. Bc2 Ne6 23. Nxe6 Bxe6 24. Rxa3 Qxa3 25. Qb7 Qa6 26. Rb1 Qxb7 27.
Rxb7 Ra1+ 28. Kh2 Kf8 29. Ba4 Ra3 30. Rb3 Rxb3 31. Bxb3 Ke7 32. Kg3 Kd6 33. Na4
Ne4+ 34. Kh2 Nxf2 35. Bc2 f5 36. Kg3 Ne4+ 37. Bxe4 dxe4 38. Kf4 h6 39. h4 g6
40. Nc5 Bc8 41. Na4 Be6 42. Nc5 Bc8 43. Na4 Be6 44. Nc5 Bc8 45. g4 1/2-1/2

[Event "10. University wch femenino"]
[Site "Novokuznetsk RUS"]
[Date "2008.03.06"]
[Round "4.16"]
[White "Wyss, Jonas"]
[Black "Soozankar, A.M."]
[Result "1/2-1/2"]
[WhiteElo "2181"]
[BlackElo "2253"]
[PlyCount "47"]
[EventDate "2008.03.03"]
[EventType "swiss"]
[EventRounds "9"]
[EventCountry "RUS"]
[Source "lmi"]
[SourceDate "2008.03.03"]

1. e4 e6 2. d4 d5 3. Nc3 Bb4 4. e5 c5 5. a3 Bxc3+ 6. bxc3 Ne7 7. Qg4 Qc7 8.
Qxg7 Rg8 9. Qxh7 cxd4 10. Ne2 Nbc6 11. f4 Bd7 12. Qd3 dxc3 13. Nxc3 a6 14. Ne2
Nf5 15. h3 Na5 16. g4 Bb5 17. Qc3 Qxc3+ 18. Nxc3 Bxf1 19. Rxf1 Nd4 20. Ra2 Rc8
21. Ne2 Rxc2 22. Rxc2 Nxc2+ 23. Kd1 Na1 24. Rg1 1/2-1/2

[Event "10. University wch femenino"]
[Site "Novokuznetsk RUS"]
[Date "2008.03.06"]
[Round "4.18"]
[White "Pogonina, Natalija"]
[Black "Seps, Monika"]
[Result "1-0"]
[WhiteElo "2476"]
[BlackElo "2264"]
[PlyCount "133"]
[EventDate "2008.03.03"]
[EventType "swiss"]
[EventRounds "9"]
[EventCountry "RUS"]
[Source "lmi"]
[SourceDate "2008.03.03"]

1. e4 c5 2. Nf3 d6 3. d4 cxd4 4. Nxd4 Nf6 5. Nc3 a6 6. Be2 e5 7. Nb3 Be7 8. Be3
Be6 9. O-O O-O 10. Qd2 Nbd7 11. a4 Rc8 12. a5 Re8 13. Rfc1 h6 14. Bf3 b5 15.
axb6 Nxb6 16. Na5 Qc7 17. Na4 Nxa4 18. Rxa4 Rb8 19. b3 Rec8 20. Nc4 Qd8 21. Nb2
d5 22. exd5 Bxd5 23. Rxa6 e4 24. Be2 Qe8 25. Nc4 Rd8 26. Qe1 Bb7 27. Raa1 Nd5
28. Ba7 Ra8 29. Nb6 Nxb6 30. Bxb6 Rdc8 31. Rxa8 Bxa8 32. Be3 f5 33. Qa5 Qg6 34.
Qa6 Qxa6 35. Bxa6 Rd8 36. c4 g5 37. g3 Ba3 38. Rb1 Rd6 39. Bb5 Rd8 40. b4 f4
41. gxf4 gxf4 42. Bxf4 Bxb4 43. Bxh6 Rd6 44. Be3 Rg6+ 45. Kf1 Bd6 46. Ra1 Bb7
47. Ra7 Rg7 48. h4 Bb8 49. Ra2 Kh7 50. c5 Bc8 51. c6 Bg4 52. Ra8 Bc7 53. Ra7
Kg6 54. Be2 Bf3 55. Ke1 Kf5 56. Bxf3 exf3 57. h5 Ke6 58. h6 Re7 59. Kd1 Kd5 60.
Bf4 Rf7 61. Bxc7 Kxc6 62. Bb6 Rf4 63. Be3 Rh4 64. Rf7 Rh3 65. Kd2 Kd5 66. Kd3
Ke6 67. Rf4 1-0

[Event "10. University wch femenino"]
[Site "Novokuznetsk RUS"]
[Date "2008.03.06"]
[Round "4.19"]
[White "Paridar, Shadi"]
[Black "Wang, Yu A"]
[Result "0-1"]
[WhiteElo "2225"]
[BlackElo "2391"]
[PlyCount "98"]
[EventDate "2008.03.03"]
[EventType "swiss"]
[EventRounds "9"]
[EventCountry "RUS"]
[Source "lmi"]
[SourceDate "2008.03.03"]

1. e4 e5 2. Bc4 Nf6 3. d3 Nc6 4. Nf3 Be7 5. O-O O-O 6. Bb3 d6 7. c3 Na5 8. Bc2
c5 9. Nbd2 Nc6 10. Re1 Qc7 11. Nc4 Be6 12. Qe2 Rad8 13. Ne3 h6 14. g3 Rfe8 15.
Nh4 d5 16. Nhf5 d4 17. Nxe7+ Qxe7 18. Ng2 b5 19. f4 exf4 20. gxf4 Bg4 21. Qf2
Qd7 22. e5 Nd5 23. Bd2 Nb6 24. Kh1 c4 25. cxd4 Nxd4 26. Bd1 cxd3 27. Be3 Ne2
28. Bxb6 axb6 29. h3 Bh5 30. Kh2 Qd4 31. Qh4 Qxb2 32. Bb3 Bf3 33. Qf2 Bxg2 34.
Qxg2 Qd4 35. Rf1 Nxf4 36. Qf3 g5 37. e6 fxe6 38. Rae1 Kg7 39. Rg1 Rf8 40. Rg4
Qd6 41. Kh1 d2 42. Reg1 Ng6 43. Qe2 Qc6+ 44. Kh2 e5 45. h4 Qf3 46. Qxb5 d1=Q
47. Bxd1 Rxd1 48. h5 Rd2+ 49. R1g2 Qxg4 0-1

[Event "10. University wch femenino"]
[Site "Novokuznetsk RUS"]
[Date "2008.03.06"]
[Round "4.21"]
[White "Vasilevich, Irina"]
[Black "Anhchimeg, Bayanmonh"]
[Result "1-0"]
[WhiteElo "2378"]
[BlackElo "2245"]
[PlyCount "79"]
[EventDate "2008.03.03"]
[EventType "swiss"]
[EventRounds "9"]
[EventCountry "RUS"]
[Source "lmi"]
[SourceDate "2008.03.03"]

1. e4 c5 2. Nc3 Nc6 3. f4 g6 4. Nf3 Bg7 5. Bb5 Nd4 6. Bc4 d6 7. O-O e6 8. d3
Ne7 9. Be3 Nxf3+ 10. Qxf3 O-O 11. Rae1 Rb8 12. Kh1 b5 13. Nxb5 d5 14. exd5 exd5
15. Bxc5 Be6 16. f5 Nxf5 17. Bxf8 Bxf8 18. Nxa7 Qd7 19. Bb3 Nd4 20. Qf4 Qxa7
21. c3 Nf5 22. d4 Bd6 23. Qf3 Qc7 24. Bxd5 Bxd5 25. Qxd5 Bxh2 26. Rxf5 gxf5 27.
Qxf5 Qf4 28. Qxf4 Bxf4 29. Re2 Kf8 30. Kg1 Re8 31. Kf2 Rxe2+ 32. Kxe2 Ke8 33.
b4 Kd7 34. a4 f5 35. c4 Kc7 36. a5 Kb7 37. b5 Bb8 38. c5 h5 39. a6+ Ka7 40. d5
1-0

[Event "10. University wch femenino"]
[Site "Novokuznetsk RUS"]
[Date "2008.03.06"]
[Round "4.22"]
[White "Dauletova, Gulmira"]
[Black "Kovanova, Baira"]
[Result "1/2-1/2"]
[WhiteElo "2261"]
[BlackElo "2348"]
[PlyCount "55"]
[EventDate "2008.03.03"]
[EventType "swiss"]
[EventRounds "9"]
[EventCountry "RUS"]
[Source "lmi"]
[SourceDate "2008.03.03"]

1. e4 e5 2. Nf3 Nc6 3. Bb5 a6 4. Ba4 Nf6 5. O-O Be7 6. Re1 b5 7. Bb3 d6 8. c3
O-O 9. h3 Na5 10. Bc2 c5 11. d4 Nd7 12. Nbd2 cxd4 13. cxd4 Nc6 14. Nb3 a5 15.
Be3 a4 16. Nbd2 Bf6 17. dxe5 Ndxe5 18. Rb1 Nb4 19. Nxe5 Bxe5 20. Nf3 Be6 21. a3
Nxc2 22. Qxc2 Rc8 23. Qd2 Rc4 24. Bd4 f6 25. Rbd1 Qa8 26. Qd3 Bf7 27. Nxe5 dxe5
28. Bc3 1/2-1/2

[Event "10. University wch femenino"]
[Site "Novokuznetsk RUS"]
[Date "2008.03.06"]
[Round "4.23"]
[White "Cheremnova, Tamara"]
[Black "Kharashuta, Ekaterina"]
[Result "1/2-1/2"]
[WhiteElo "2156"]
[BlackElo "2222"]
[PlyCount "53"]
[EventDate "2008.03.03"]
[EventType "swiss"]
[EventRounds "9"]
[EventCountry "RUS"]
[Source "lmi"]
[SourceDate "2008.03.03"]

1. d4 d6 2. c4 e5 3. Nf3 Nd7 4. Nc3 Ngf6 5. e4 Be7 6. Be2 O-O 7. O-O c6 8. Qc2
Re8 9. Rd1 Qc7 10. h3 Bf8 11. Be3 a6 12. a4 a5 13. Rac1 h6 14. Nh4 g6 15. Nf3
Kh7 16. Nh2 Bg7 17. Ng4 Nxg4 18. Bxg4 Nf8 19. Bxc8 Rexc8 20. d5 c5 21. f4 Nd7
22. f5 Nf6 23. Rf1 Rf8 24. Rf3 Qe7 25. Kh2 g5 26. Rff1 Rg8 27. g4 1/2-1/2

[Event "10. University wch femenino"]
[Site "Novokuznetsk RUS"]
[Date "2008.03.06"]
[Round "4.24"]
[White "Tashimova, Nadiya"]
[Black "Tajik, Sareh"]
[Result "1-0"]
[WhiteElo "2073"]
[BlackElo "1992"]
[PlyCount "51"]
[EventDate "2008.03.03"]
[EventType "swiss"]
[EventRounds "9"]
[EventCountry "RUS"]
[Source "lmi"]
[SourceDate "2008.03.03"]

1. e4 c5 2. Nf3 d6 3. d4 Nf6 4. Nc3 cxd4 5. Nxd4 Nc6 6. Bg5 g6 7. Bxf6 exf6 8.
Qd2 Be6 9. Bb5 Rc8 10. O-O Be7 11. f4 a6 12. Nxe6 fxe6 13. Bc4 Qb6+ 14. Kh1 Nd8
15. Bb3 Qa5 16. f5 Qe5 17. Qh6 Nf7 18. Qh4 Ng5 19. fxg6 f5 20. g7 Qxg7 21. exf5
Rc5 22. fxe6 Nxe6 23. Qa4+ b5 24. Qxa6 Nc7 25. Qc8+ Bd8 26. Ne4 1-0

[Event "10. University wch femenino"]
[Site "Novokuznetsk RUS"]
[Date "2008.03.06"]
[Round "4.25"]
[White "Coelho, Tatiane Cristina"]
[Black "Salman, Mahini Mona"]
[Result "0-1"]
[WhiteElo "1799"]
[BlackElo "2085"]
[PlyCount "107"]
[EventDate "2008.03.03"]
[EventType "swiss"]
[EventRounds "9"]
[EventCountry "RUS"]
[Source "lmi"]
[SourceDate "2008.03.03"]

1. e4 d6 2. Nf3 Nd7 3. d4 g6 4. Bc4 Bg7 5. Ng5 e6 6. Bxe6 fxe6 7. Nxe6 Qe7 8.
Nxc7+ Kd8 9. Nxa8 Qxe4+ 10. Be3 Qxg2 11. Rf1 Ngf6 12. Nd2 b6 13. Nxb6 Nxb6 14.
Qf3 Qxf3 15. Nxf3 Bg4 16. Ng5 Ke7 17. f3 Bf5 18. Rf2 h6 19. Ne4 Nxe4 20. fxe4
Bxe4 21. c3 Nd5 22. Bd2 Nf6 23. Re2 d5 24. Bf4 Nh5 25. Be3 Bf6 26. Kd2 Ng7 27.
Rf1 Nf5 28. Bf2 Bg5+ 29. Kd1 Kd6 30. Ree1 Re8 31. Bg1 Rb8 32. b3 Rb7 33. Bf2 a5
34. Rg1 a4 35. b4 Rc7 36. h4 Nxh4 37. Bg3+ Kd7 38. Bxc7 Kxc7 39. Ref1 Nf5 40.
Ke2 Kc6 41. Rxg5 hxg5 42. Rg1 Kb5 43. Rxg5 Kc4 44. Kd2 Nh4 45. Rg3 Nf3+ 46. Ke3
Ne1 47. Kd2 Nf3+ 48. Ke3 Nh4 49. Kd2 a3 50. Ke3 Nf5+ 51. Kd2 Nh4 52. Rh3 g5 53.
Rg3 Bb1 54. Re3 0-1

[Event "10. University wch femenino"]
[Site "Novokuznetsk RUS"]
[Date "2008.03.06"]
[Round "4.27"]
[White "Imanbaeva, Aigul"]
[Black "Dagiisuren, Jargalsaikhan"]
[Result "1-0"]
[WhiteElo "2205"]
[BlackElo "2045"]
[PlyCount "105"]
[EventDate "2008.03.03"]
[EventType "swiss"]
[EventRounds "9"]
[EventCountry "RUS"]
[Source "lmi"]
[SourceDate "2008.03.03"]

1. e4 e5 2. Nf3 Nc6 3. Bc4 d6 4. O-O Be7 5. d3 Na5 6. Nbd2 Nf6 7. c3 Nxc4 8.
Nxc4 O-O 9. Re1 Be6 10. Ne3 h6 11. Qc2 Ng4 12. d4 Bf6 13. Nf1 exd4 14. cxd4 Bh4
15. Re2 Be7 16. h3 Nf6 17. d5 Bd7 18. Nd4 Nh7 19. Ng3 Bf6 20. Ngf5 Rc8 21. Qd3
Bxf5 22. Nxf5 Re8 23. Qg3 Kh8 24. f4 Qd7 25. Qg4 h5 26. Qf3 g6 27. Ng3 Re7 28.
Be3 Rce8 29. Bf2 Bg7 30. Rae1 Qa4 31. b3 Qb4 32. Rc1 Qb5 33. Rc4 Qd7 34. Bd4
Bxd4+ 35. Rxd4 f5 36. exf5 Rxe2 37. Nxe2 Qxf5 38. Rd1 Nf6 39. Ng3 Qd7 40. f5 h4
41. fxg6 hxg3 42. Qxf6+ Qg7 43. Qh4+ Kg8 44. Qxg3 Re5 45. Qg4 Qe7 46. Kh2 Re3
47. Rf1 Qe5+ 48. Qf4 Kg7 49. Qxe5+ Rxe5 50. Rf7+ Kxg6 51. Rxc7 Rxd5 52. Rxb7
Ra5 53. a4 1-0

[Event "10. University wch femenino"]
[Site "Novokuznetsk RUS"]
[Date "2008.03.07"]
[Round "5.17"]
[White "Pogonina, Natalija"]
[Black "Zhang, Jilin"]
[Result "1-0"]
[WhiteElo "2476"]
[BlackElo "2345"]
[PlyCount "155"]
[EventDate "2008.03.03"]
[EventType "swiss"]
[EventRounds "9"]
[EventCountry "RUS"]
[Source "lmi"]
[SourceDate "2008.03.03"]

1. e4 c5 2. Nf3 d6 3. d4 cxd4 4. Nxd4 Nf6 5. Nc3 a6 6. Be2 e5 7. Nb3 Be7 8. Be3
Be6 9. O-O O-O 10. Qd2 Nbd7 11. a4 Qc7 12. a5 Rac8 13. Rfc1 Nc5 14. Nxc5 dxc5
15. f3 Rfd8 16. Qe1 c4 17. Na4 Nd7 18. Kh1 Qc6 19. Bf1 Kh8 20. Rd1 f5 21. exf5
Bxf5 22. Qf2 Rf8 23. Nc3 Nf6 24. Qg3 Qe6 25. Re1 Bd6 26. Qf2 Bg6 27. Bb6 Qf5
28. Qd2 Bb8 29. Ne4 Nxe4 30. fxe4 Qe6 31. c3 Bc7 32. Bxc7 Rxc7 33. Qd5 Qf6 34.
Qd2 h6 35. h3 Qf4 36. Qd5 Qf6 37. Rad1 Qe7 38. Qd6 Qxd6 39. Rxd6 Rf6 40. Rd8+
Kh7 41. Kg1 Rf4 42. Rd5 Bxe4 43. Rxe5 Bg6 44. Rd1 Rf5 45. Rxf5 Bxf5 46. Rd5 Bg6
47. Be2 Bf7 48. Rd6 Rc5 49. Bf3 Rxa5 50. Be4+ g6 51. Rd7 Kg8 52. Rxb7 Re5 53.
Bf3 Kg7 54. Kf2 Kf6 55. h4 Bd5 56. Bxd5 Rxd5 57. Rb6+ Kf5 58. Rxa6 Rd2+ 59. Kf3
Rd3+ 60. Ke2 Rg3 61. Kf2 Rd3 62. Rc6 Rd2+ 63. Kf3 g5 64. hxg5 hxg5 65. Rxc4
Rxb2 66. g4+ Ke5 67. Rc5+ Kf6 68. Rc6+ Ke5 69. Rg6 Rc2 70. Rxg5+ Kd6 71. Rg6+
Kd7 72. Rf6 Rxc3+ 73. Kf4 Ke7 74. g5 Rc1 75. Kf5 Rf1+ 76. Kg6 Rg1 77. Rf2 Rg3
78. Kh6 1-0

[Event "10. University wch femenino"]
[Site "Novokuznetsk RUS"]
[Date "2008.03.07"]
[Round "5.19"]
[White "Kovanova, Baira"]
[Black "Mongontuul, Bathuyag"]
[Result "1-0"]
[WhiteElo "2348"]
[BlackElo "2389"]
[PlyCount "135"]
[EventDate "2008.03.03"]
[EventType "swiss"]
[EventRounds "9"]
[EventCountry "RUS"]
[Source "lmi"]
[SourceDate "2008.03.03"]

1. e4 c5 2. Nf3 e6 3. d3 d5 4. Qe2 Nc6 5. g3 g6 6. Bg2 Bg7 7. O-O Nge7 8. c3 b6
9. e5 a5 10. a4 Ba6 11. Na3 O-O 12. Bf4 Qd7 13. Nb5 Na7 14. c4 Bb7 15. Rad1
Nxb5 16. axb5 Rad8 17. g4 Qc7 18. Bg3 Rd7 19. Nh4 g5 20. Nf3 Ng6 21. Nxg5 Bxe5
22. Nh3 Bxg3 23. hxg3 Qe5 24. Qc2 Rfd8 25. f4 Qd4+ 26. Kh2 dxc4 27. Bxb7 Rxb7
28. dxc4 Qf6 29. Ng5 Rbd7 30. Ne4 Qe7 31. g5 Rd4 32. Nf6+ Kh8 33. Qe2 Qb7 34.
Rxd4 Rxd4 35. Rd1 Qe7 36. Rh1 Nf8 37. Qh5 Rd2+ 38. Kh3 e5 39. Kg4 Qe6+ 40. Kf3
Qf5 41. Qxf7 Qd3+ 42. Kg4 Qe2+ 43. Kf5 Qd3+ 44. Ne4 Qd7+ 45. Qxd7 Rxd7 46. Kxe5
Rd4 47. Nf6 Kg7 48. Re1 Rxc4 49. Kd5 Rb4 50. Re7+ Kg6 51. Re8 Kf7 52. Kc6 Rxb2
53. Ra8 c4 54. f5 Re2 55. Ra7+ Re7 56. Rxe7+ Kxe7 57. Nd5+ Kd8 58. Kxb6 a4 59.
Nc3 Nd7+ 60. Ka5 a3 61. Kb4 Ne5 62. Kxa3 Kc7 63. Kb4 Kd6 64. f6 Nf7 65. Ne4+
Kd5 66. b6 Kxe4 67. b7 Nd8 68. f7 1-0

[Event "10. University wch femenino"]
[Site "Novokuznetsk RUS"]
[Date "2008.03.07"]
[Round "5.20"]
[White "Yanjindulam, Dulamsuren"]
[Black "Dauletova, Gulmira"]
[Result "1-0"]
[WhiteElo "2256"]
[BlackElo "2261"]
[PlyCount "83"]
[EventDate "2008.03.03"]
[EventType "swiss"]
[EventRounds "9"]
[EventCountry "RUS"]
[Source "lmi"]
[SourceDate "2008.03.03"]

1. e4 c5 2. Nf3 d6 3. d4 cxd4 4. Nxd4 Nf6 5. Nc3 g6 6. Be3 Bg7 7. f3 Nc6 8. Bc4
O-O 9. Bb3 Bd7 10. Qd2 Nxd4 11. Bxd4 b5 12. Nd5 Nxd5 13. Bxg7 Kxg7 14. exd5 a5
15. a3 Rc8 16. h4 h5 17. O-O-O f6 18. Qd4 Qc7 19. Rd2 a4 20. Ba2 Bf5 21. c3 Qd7
22. Re1 Rfe8 23. Rde2 Rc7 24. Rg1 b4 25. Qxb4 Bd3 26. Rd2 Bb5 27. g4 Rh8 28.
gxh5 Rxh5 29. Qe4 Qf5 30. Qb4 Be8 31. Rdg2 Qxf3 32. Rg3 Qf2 33. Qb8 Qf4+ 34.
Kd1 Rc5 35. Qxe8 Rhxd5+ 36. Bxd5 Rxd5+ 37. Kc2 Rd2+ 38. Kb1 Qe4+ 39. Ka1 g5 40.
hxg5 f5 41. g6 Qc4 42. Qxe7+ 1-0

[Event "10. University wch femenino"]
[Site "Novokuznetsk RUS"]
[Date "2008.03.07"]
[Round "5.21"]
[White "Bensdorp, Marlies"]
[Black "Cheremnova, Tamara"]
[Result "1-0"]
[WhiteElo "2259"]
[BlackElo "2156"]
[PlyCount "103"]
[EventDate "2008.03.03"]
[EventType "swiss"]
[EventRounds "9"]
[EventCountry "RUS"]
[Source "lmi"]
[SourceDate "2008.03.03"]

1. d4 Nf6 2. c4 g6 3. Nc3 Bg7 4. e4 d6 5. Bd3 O-O 6. Nge2 c5 7. d5 e6 8. h3
exd5 9. cxd5 Nbd7 10. O-O Re8 11. Bg5 h6 12. Bh4 a6 13. a4 Rb8 14. f4 c4 15.
Bxc4 Qb6+ 16. Bf2 Qb4 17. Bd3 Nc5 18. e5 Nfe4 19. Nxe4 Nxe4 20. Bxe4 Qxe4 21.
Nc3 Qb4 22. Na2 Qe4 23. exd6 Bf5 24. Qd2 Qxa4 25. Nc3 Qb4 26. Rfe1 Rxe1+ 27.
Rxe1 Rd8 28. g4 Bd7 29. Re2 Bb5 30. Ne4 Qc4 31. Re1 f5 32. gxf5 gxf5 33. Ng3
Rxd6 34. Nxf5 Rg6+ 35. Kh2 Bf6 36. Re6 Kh7 37. Ng3 Bh4 38. Rxg6 Kxg6 39. f5+
Kh7 40. Nh5 Bg5 41. Qd4 Qc7+ 42. d6 Qf7 43. Ng3 Bf6 44. Qe4 Bc4 45. Bd4 Bd5 46.
Qe3 Bh4 47. Qe5 Bxg3+ 48. Qxg3 Bc6 49. Qe5 Qf8 50. Qe6 Be8 51. d7 Bh5 52. Qf6
1-0

[Event "10. University wch femenino"]
[Site "Novokuznetsk RUS"]
[Date "2008.03.07"]
[Round "5.22"]
[White "Seps, Monika"]
[Black "Paridar, Shadi"]
[Result "1-0"]
[WhiteElo "2264"]
[BlackElo "2225"]
[PlyCount "57"]
[EventDate "2008.03.03"]
[EventType "swiss"]
[EventRounds "9"]
[EventCountry "RUS"]
[Source "lmi"]
[SourceDate "2008.03.03"]

1. e4 c5 2. Nf3 Nc6 3. d4 cxd4 4. Nxd4 Qc7 5. Nc3 e6 6. Be3 a6 7. Bd3 Nf6 8.
O-O b5 9. Nxc6 Qxc6 10. f3 Bc5 11. Bxc5 Qxc5+ 12. Kh1 Bb7 13. Qd2 h5 14. a4 b4
15. Na2 a5 16. c3 bxc3 17. Nxc3 Bc6 18. Bb5 h4 19. Rac1 Nh5 20. Ne2 Qe5 21.
Rxc6 dxc6 22. Bxc6+ Ke7 23. Qd7+ Kf6 24. f4 Qxb2 25. e5+ Kg6 26. Be4+ f5 27.
Qxe6+ Nf6 28. Bxf5+ Kh6 29. Qf7 1-0

[Event "10. University wch femenino"]
[Site "Novokuznetsk RUS"]
[Date "2008.03.07"]
[Round "5.23"]
[White "Anhchimeg, Bayanmonh"]
[Black "Tashimova, Nadiya"]
[Result "0-1"]
[WhiteElo "2245"]
[BlackElo "2073"]
[PlyCount "76"]
[EventDate "2008.03.03"]
[EventType "swiss"]
[EventRounds "9"]
[EventCountry "RUS"]
[Source "lmi"]
[SourceDate "2008.03.03"]

1. e4 c5 2. Nf3 e6 3. d4 cxd4 4. Nxd4 a6 5. Bd3 Nf6 6. O-O Qc7 7. Kh1 d5 8.
exd5 Nxd5 9. f4 g6 10. c4 Nb4 11. Be2 Bg7 12. Be3 O-O 13. Qb3 N4c6 14. Nxc6
Nxc6 15. Rd1 e5 16. Nc3 exf4 17. Bc5 Re8 18. Bf3 Ne5 19. Bd6 Qxc4 20. Nd5 Qxb3
21. axb3 Bg4 22. h3 Bxf3 23. gxf3 Nxf3 24. Rf1 Nd2 25. Rxf4 Rad8 26. Ne7+ Kh8
27. Bb4 Nxb3 28. Rg1 a5 29. Ba3 b5 30. Rxf7 b4 31. h4 Rf8 32. Rxf8+ Rxf8 33. h5
gxh5 34. Rg3 bxa3 35. bxa3 a4 36. Rh3 Re8 37. Nd5 Bd4 38. Rxh5 Re5 0-1

[Event "10. University wch femenino"]
[Site "Novokuznetsk RUS"]
[Date "2008.03.07"]
[Round "5.24"]
[White "Salman, Mahini Mona"]
[Black "Springelkamp, Henriet"]
[Result "1-0"]
[WhiteElo "2085"]
[BlackElo "1992"]
[PlyCount "67"]
[EventDate "2008.03.03"]
[EventType "swiss"]
[EventRounds "9"]
[EventCountry "RUS"]
[Source "lmi"]
[SourceDate "2008.03.03"]

1. e4 c6 2. d4 d5 3. exd5 cxd5 4. Bd3 Nc6 5. c3 Nf6 6. Bg5 Bg4 7. f3 Bh5 8. Ne2
Bg6 9. Nf4 Qd7 10. O-O e6 11. Nd2 Bd6 12. Nxg6 hxg6 13. f4 Qc7 14. Qe2 O-O-O
15. b4 Qb6 16. Nf3 Rde8 17. b5 Ne7 18. Ne5 Ref8 19. Nxf7 Bxf4 20. Nxh8 Bxg5 21.
Nxg6 Nxg6 22. Bxg6 Kd7 23. Rae1 Qd6 24. g3 Rh8 25. Rf2 Rh6 26. Bd3 Rh8 27. Qd1
Re8 28. Re5 Bh6 29. Qe2 Qa3 30. b6 a6 31. c4 Ng4 32. Rf7+ Kc8 33. Qxg4 Qxd3 34.
Rxe6 1-0

[Event "10. University wch femenino"]
[Site "Novokuznetsk RUS"]
[Date "2008.03.08"]
[Round "6.18"]
[White "Kovanova, Baira"]
[Black "Pogonina, Natalija"]
[Result "1/2-1/2"]
[WhiteElo "2348"]
[BlackElo "2476"]
[PlyCount "23"]
[EventDate "2008.03.03"]
[EventType "swiss"]
[EventRounds "9"]
[EventCountry "RUS"]
[Source "lmi"]
[SourceDate "2008.03.03"]

1. e4 c5 2. Nc3 Nc6 3. g3 g6 4. Bg2 Bg7 5. d3 e5 6. Be3 d6 7. Qd2 Be6 8. Nge2
Nd4 9. O-O Ne7 10. Nd5 Nxe2+ 11. Qxe2 O-O 12. c4 1/2-1/2

[Event "10. University wch femenino"]
[Site "Novokuznetsk RUS"]
[Date "2008.03.08"]
[Round "6.19"]
[White "Yanjindulam, Dulamsuren"]
[Black "Bensdorp, Marlies"]
[Result "1/2-1/2"]
[WhiteElo "2256"]
[BlackElo "2259"]
[PlyCount "150"]
[EventDate "2008.03.03"]
[EventType "swiss"]
[EventRounds "9"]
[EventCountry "RUS"]
[Source "lmi"]
[SourceDate "2008.03.03"]

1. e4 e6 2. d4 d5 3. Nc3 dxe4 4. Nxe4 Bd7 5. Nf3 Bc6 6. Bd3 Nd7 7. O-O Be7 8.
Re1 Ngf6 9. Ng3 Bxf3 10. Qxf3 c6 11. Bd2 O-O 12. Rad1 Re8 13. c4 Qb6 14. Bc3
Bb4 15. Bxb4 Qxb4 16. Re2 Qb6 17. b3 Rad8 18. c5 Qc7 19. Ne4 Nxe4 20. Rxe4 Nf6
21. Rh4 h5 22. Bc2 Rd5 23. Be4 Nxe4 24. Qxe4 Qe7 25. g3 Red8 26. Qf3 g6 27. b4
e5 28. Qe2 Qf6 29. Re4 Rxd4 30. Rdxd4 Rxd4 31. Rxe5 Rxb4 32. Re8+ Kg7 33. Ra8
Qf5 34. Qe8 Rb1+ 35. Kg2 Qd5+ 36. Kh3 Qe6+ 37. Qxe6 fxe6 38. Rxa7 Kf6 39. f4
Rb2 40. Ra8 e5 41. fxe5+ Kxe5 42. Rg8 Kf6 43. Rf8+ Kg5 44. a4 Rb4 45. Rf7 Rxa4
46. Rxb7 Rc4 47. Rf7 Rxc5 48. Kg2 Rc2+ 49. Kh3 c5 50. Rd7 Kf5 51. Rf7+ Ke6 52.
Rg7 Kf6 53. Rc7 g5 54. g4 Rc3+ 55. Kg2 hxg4 56. Rc8 c4 57. Rf8+ Kg6 58. Rc8 Rc1
59. Kg3 c3 60. Kxg4 Kf6 61. Rc6+ Ke5 62. Kxg5 Rg1+ 63. Kh6 Kd4 64. h4 Kd3 65.
h5 c2 66. Kh7 c1=Q 67. Rxc1 Rxc1 68. h6 Ke4 69. Kg7 Kf5 70. h7 Rc7+ 71. Kh6 Rc8
72. Kg7 Kg5 73. h8=Q Rc7+ 74. Kg8 Rc8+ 75. Kg7 Rxh8 1/2-1/2

[Event "10. University wch femenino"]
[Site "Novokuznetsk RUS"]
[Date "2008.03.08"]
[Round "6.20"]
[White "Vasilevich, Irina"]
[Black "Seps, Monika"]
[Result "1-0"]
[WhiteElo "2378"]
[BlackElo "2264"]
[PlyCount "29"]
[EventDate "2008.03.03"]
[EventType "swiss"]
[EventRounds "9"]
[EventCountry "RUS"]
[Source "lmi"]
[SourceDate "2008.03.03"]

1. e4 c5 2. Nf3 d6 3. d4 cxd4 4. Nxd4 Nf6 5. Nc3 a6 6. Bc4 e6 7. Bb3 Nbd7 8.
Bg5 Qa5 9. Bxf6 Nxf6 10. O-O Be7 11. f4 O-O 12. f5 Qe5 13. fxe6 Nxe4 14. Nxe4
Qxe4 15. Re1 1-0

[Event "10. University wch femenino"]
[Site "Novokuznetsk RUS"]
[Date "2008.03.08"]
[Round "6.21"]
[White "Tashimova, Nadiya"]
[Black "Salman, Mahini Mona"]
[Result "1-0"]
[WhiteElo "2073"]
[BlackElo "2085"]
[PlyCount "49"]
[EventDate "2008.03.03"]
[EventType "swiss"]
[EventRounds "9"]
[EventCountry "RUS"]
[Source "lmi"]
[SourceDate "2008.03.03"]

1. e4 c5 2. Nf3 d6 3. d4 cxd4 4. Nxd4 Nf6 5. Nc3 a6 6. Be2 e5 7. Nb3 Be7 8. O-O
O-O 9. a4 Nc6 10. Be3 Nb4 11. Nd5 Nbxd5 12. exd5 b6 13. c4 Bd7 14. a5 b5 15.
cxb5 Bxb5 16. Bxb5 axb5 17. Qd3 Qd7 18. Rfc1 Qb7 19. Rc6 Rfc8 20. a6 Qd7 21.
Qxb5 Rcb8 22. Qc4 Nxd5 23. Qxd5 Rxb3 24. Rb6 Rxb6 25. Qxa8+ 1-0

[Event "10. University wch femenino"]
[Site "Novokuznetsk RUS"]
[Date "2008.03.08"]
[Round "6.23"]
[White "Dauletova, Gulmira"]
[Black "Anhchimeg, Bayanmonh"]
[Result "0-1"]
[WhiteElo "2261"]
[BlackElo "2245"]
[PlyCount "74"]
[EventDate "2008.03.03"]
[EventType "swiss"]
[EventRounds "9"]
[EventCountry "RUS"]
[Source "lmi"]
[SourceDate "2008.03.03"]

1. e4 c5 2. Nf3 Nc6 3. d4 cxd4 4. Nxd4 Nf6 5. Nc3 e5 6. Ndb5 d6 7. Nd5 Nxd5 8.
exd5 Nb8 9. c4 Be7 10. Bd3 a6 11. Nc3 O-O 12. O-O f5 13. f3 Bg5 14. Kh1 Nd7 15.
b4 a5 16. a3 axb4 17. Bxg5 Qxg5 18. axb4 Rxa1 19. Qxa1 e4 20. f4 Qe7 21. Be2 h6
22. Qa7 Kh7 23. Qd4 g5 24. g3 h5 25. fxg5 Qxg5 26. Rf4 Rf6 27. c5 Rh6 28. cxd6
Nf6 29. Qe5 h4 30. Kg2 hxg3 31. hxg3 Rg6 32. Rf1 Qe3 33. Rh1+ Kg8 34. d7 Bxd7
35. Ra1 f4 36. Ra8+ Kh7 37. Kf1 Qxg3 0-1